00450 2200145 4500001002100000008004100021035002000062245005000082100002000132260002500152300001400177082001000191650009000201990001300291INLIS000000000000509 ind  a0010-0322000509 aDONGENG PENGANTAR TIDUR ANDE ANDE LUMUTcIKHA aTIRA IKRANEGARA aSURABAYAbMULIA JAYA ahlm.ccm. a398.2 aFOLK LITERATURE, FAIRY TALES, MYTH, MYTHOLOGY/CERITA RAKYAT, DONGENG, MITOS, MITOLOGI a102726-1